| 000 | 00475nam a2200169Ia 4500 | ||
|---|---|---|---|
| 999 |
_c23132 _d23132 |
||
| 003 | OSt | ||
| 005 | 20200708151651.0 | ||
| 008 | 190216s9999||||xx |||||||||||||| ||und|| | ||
| 020 | _a9788190601900 | ||
| 040 | _coclc | ||
| 082 |
_a320.54092 _bMAL/W |
||
| 100 |
_aMalcolm X _93682 |
||
| 245 | 0 |
_aWhy Iam Not An American / _cMalcolm X |
|
| 260 |
_bOther Books, _c2004. _aCalicut: |
||
| 300 | _a32p | ||
| 942 |
_cBK _2ddc _h320.54092 _iMAL/W _k320.54092 _mMAL/W |
||